| 000 | 00529nam a2200181 a 4500 | ||
|---|---|---|---|
| 005 | 20240925065110.0 | ||
| 008 | 080519s1970 mx r 000 0 spa d | ||
| 035 | _aUPN01000155981 | ||
| 049 | _aCG | ||
| 050 | 4 |
_aBF149 _bC6.6 |
|
| 245 | 0 | 0 |
_aConfrontation : _bpsychology and the problems of today / _ced. Michael Wertheimer. |
| 260 |
_aAtlanta, EUA : _bScott, Foresman and Company, _c1970. |
||
| 300 |
_a408 p. : _bil. |
||
| 440 | 0 | _aPsychology | |
| 650 | 4 | _aPSICOLOGIA APLICADA | |
| 650 | 4 |
_aPsicologĂa _938 |
|
| 905 | _aLibro | ||
| 999 |
_c128095 _d128095 |
||